The silmarillion

Saved in:
Bibliografiske detaljer
Hovedforfatter: Tolkien, J. R. R (Author)
Format: Bog
Sprog:engelsk
Udgivet: Londres Harper Collins 1977
Fag:
Tags: Tilføj Tag
Ingen Tags, Vær først til at tagge denne postø!

MARC

LEADER 00000nam a2200000 a 4500
001 UCI1355
003 CL-VaPUC
008 070629e19770000UK |||||||||||||||||eng|d
020 |a 0261102737 
082 0 4 |a 823  |b TOL  |2 21 
100 0 |a Tolkien, J. R. R  |e author  |9 521815 
245 1 4 |a The silmarillion 
300 |a 443 p 
942 |c BK 
945 |d 20070629 00:00:00  |a rbrito 
260 |a Londres  |b Harper Collins  |c 1977 
650 0 |a Novelas inglesas  |9 265220 
583 |a last modification  |c 20070629 00:00:00  |k Rodrigo Vera 
999 |c 326184  |d 326182 
952 |0 0  |1 0  |4 0  |6 823_000000000000000_TOL_1977  |7 0  |8 A  |9 407946  |a BIBEDU  |b BIBEDU  |d 2019-11-22  |i 4346084  |o 823 TOL 1977  |p 4346084  |r 2019-11-22  |w 2019-11-22  |y BK  |k LIT